00328nam a2200121Ia 4500008004100000041000800041082001400049100002100063245004100084260004200125300003000167365000900197240624s9999 xx 000 0 und d aeng a332.6 MIN aMINDEL NORBERT M aWEALTH MANAGEMENT IN THE NEW ECONOMY c2010aNew JerseybJohn Wiley and Sons axv, : 316 : p. : cm. ; 23 cb30